Identidad estado y nación en Centroamerica /

Na minha lista:
Detalhes bibliográficos
Autor principal: Pinto Soria, Julio César
Formato: Texto
Assuntos:
Tags: Adicionar Tag
Sem tags, seja o primeiro a adicionar uma tag!

MARC

LEADER 00000 a a2200000 04500
001 45508
003
040
090 |a REV0780 (37)1999  
100 |a Pinto Soria, Julio César  
245 |a Identidad estado y nación en Centroamerica /  |c Julio César Pinto Soria  
650 |a IDENTIDAD CULTURAL  
650 |a ESTADO  
650 |a NACION  
650 |a HISTORIOGRAFIA  
773 |g número37, V Epoca (1999), páginas 13-34  
999 |c 27766  |d 27766